Historia de las instituciones políticas y sociales de Chile

Gardado en:
Detalles Bibliográficos
Autor Principal: Eyzaguirre Gutiérrez, Jaime (autor)
Formato: Libro
Idioma:Lingua castelá
Publicado: Santiago, Chile Universitaria 1988
Edición:Octava edición
Subjects:
Tags: Engadir etiqueta
Sen Etiquetas, Sexa o primeiro en etiquetar este rexistro!

MARC

LEADER 00000cam a2200000 a 4500
001 UCD4938
003 CL-VaPUC
005 20231215105922.0
008 160731e19880000cl |||||||||||||||||spa|d
999 |c 365728  |d 365726 
020 |a 9561103779 
040 |c Pontificia Universidad Católica de Valparaíso 
082 0 4 |a 983 EYZ 1988  |2 21 
100 |a Eyzaguirre Gutiérrez, Jaime  |e autor  |9 584583 
245 1 0 |a Historia de las instituciones políticas y sociales de Chile 
250 |a Octava edición 
260 |a Santiago, Chile  |b Universitaria  |c 1988 
300 |a 212 páginas 
583 |a last modification  |c 20160731 21:25:00  |k Rodrigo Vera 
650 0 |a Historia de Chile  |9 265473 
650 0 |a Formas de gobierno  |z CHILE  |9 255257 
650 0 |a Instituciones políticas  |z CHILE  |9 255506 
852 |a BIBCUR 
942 |c BK  |2 ddc 
945 |d 20160731 21:25:00  |a dcastane 
952 |0 0  |1 0  |2 ddc  |3 erb  |4 0  |6 983_000000000000000_EYZ_1988  |7 0  |8 A  |9 479675  |a BIBHIS  |b BIBHIS  |e Villagrán Garnham, Jorge  |i 5317797  |l 1  |o 983 EYZ 1988  |p 5317797  |r 2025-01-20  |s 2024-04-29  |t 1  |w 2019-11-24  |y BK  |z Catalogado en:20160731  |k HIS